00508nam a2200169 450000500170000001000150001702000260003203500140005803700090007208200080008110000190008924500550010825000100016326000400017327001050021330000200031820241023121536.0 aENG-142284 c695.00a9788170494164 aEN-125816 bDBAD a954 aSharma, Pramod aIndia Tomorrow The Next Superpower/bPramod Sharma aFirst bManas PublicationsaNew Delhic2012 a4402/5 A, Ansari Road,DaryaganjbNew DElhie110002k23260783k23265523mmansaspublications@gmail.com a288p.c22cm(hb)